000
00426nam a2200133Ia 4500
008
100328s9999 xx 000 0 und d
082
_b
37836
100
_a
हरकारे अरुण.
245
_a
कीर्तिवंत राजा.
260
_b
कुलस्वामिनी
630
_a
कीर्तिवंत राजा.
730
_a
कीर्तिवंत राजा.
942
_c
BOOK
999
_c
527168
_d
527165